000 00902cab a2200265 4500
001 ABS59998
008 090401t1999 xxu||||| |||| 00| 0 eng d
035 _a(Sirsi) u90896
041 _aeng
100 _aGill, S.
245 _aTranslating service
260 _c1999
350 _a0
490 _aEstates Gazette
_v(9903) 23 January 1999, 128-129(2)
520 _aIdentifies the main differences between US and UK practice relating to the occupation of business premises under a lease, to assist agents acting for North American clients leasing property in the UK. Most points will be relevant to clients of other nationalities as well.
650 _aAGENTS
650 _aBUSINESS TENANCIES
650 _aCLIENTS
650 _aLEASES
650 _aNORTH AMERICA
650 _aUNITED STATES
690 _aLANDLORD AND TENANT-BUSINESS TENANCIES
942 _n0
948 _c26/01/1999
999 _c57659
_d57659